IITA research highlights 1981

Guardat en:
Dades bibliogràfiques
Format: Llibre
Idioma:Undetermined
Publicat: Nigeria The Institute 1982
Matèries:
Etiquetes: Afegir etiqueta
Sense etiquetes, Sigues el primer a etiquetar aquest registre!
Thư viện lưu trữ: Trung tâm Học liệu Trường Đại học Cần Thơ
LEADER 00494nam a2200169Ia 4500
001 CTU_122771
008 210402s9999 xx 000 0 und d
082 |a 630.72 
082 |b I.61 
245 0 |a IITA research highlights 1981 
260 |a Nigeria 
260 |b The Institute 
260 |c 1982 
650 |a Agriculture,Research agriculture,International Institute of Tropical Agriculture 
650 |x Tropics 
904 |i M.Loan 
980 |a Trung tâm Học liệu Trường Đại học Cần Thơ